Cảm quan thời gian trong Lá cờ thêu sáu chữ vàng của Nguyễn Huy Tưởng /

محفوظ في:
التفاصيل البيبلوغرافية
المؤلف الرئيسي: Lã Thị Bắc Lý.
التنسيق: مقال
اللغة:Vietnamese
الموضوعات:
الوسوم: إضافة وسم
لا توجد وسوم, كن أول من يضع وسما على هذه التسجيلة!
Thư viện lưu trữ: Thư viện Trường Đại học Đà Lạt
LEADER 00841nam a2200265 4500
001 DLU180183780
005 ##20180302
040 # # |a DLU  |b vie 
041 # # |a vie 
044 # # |a vn 
100 # # |a Lã Thị Bắc Lý. 
245 # # |a Cảm quan thời gian trong Lá cờ thêu sáu chữ vàng của Nguyễn Huy Tưởng /  |c Lã Thị Bắc Lý. 
653 # # |a Không gian 
653 # # |a Lá cờ thêu sáu chữ vàng 
653 # # |a Nguyễn Huy Tưởng 
653 # # |a Thời gian 
773 # # |t Tạp chí Lý luận, phê bình văn học, nghệ thuật  |g Số 38, 2015, tr. 81-84 
920 # # |a Phòng Tạp chí --Trung tâm Thông tin - Thư viện Trường Đại học Đà Lạt 
900 # # |a True 
911 # # |a Lê Thị Hồng 
925 # # |a G 
926 # # |a A 
927 # # |a BB 
980 # # |a Thư viện Trường Đại học Đà Lạt